书目信息 |
| 题名: |
半导体光学性质
|
|
| 作者: | T.S.莫斯 著 ;鲍友恭 , 何宜生 译 | |
| 分册: | ||
| 出版信息: | 上海 上海科学技术出版社 1963 |
|
| 页数: | 283页 | |
| 开本: | 20cm | |
| 丛书名: | ||
| 单 册: | ||
| 中图分类: | O472.3 | |
| 科图分类: | ||
| 主题词: | 半导体物理学 | |
| 电子资源: | ||
| ISBN: | ||
| 000 | 00691nam0 2200229 450 | |
| 001 | 0740737026 | |
| 005 | 20070930112226.18 | |
| 010 | @dCNY1.55 | |
| 100 | @a20070930d1963 km y0chiy0120 ea | |
| 101 | 0 | @achi |
| 102 | @aCN@b310000 | |
| 102 | @aCN@b310000 | |
| 200 | 1 | @a半导体光学性质@Aban dao ti guang xue xing zhi@fT.S.莫斯著@FT.S.mo si zhu@g鲍友恭,何宜生等译@Gbao you gong,he yi sheng deng yi |
| 210 | @a上海@c上海科学技术出版社@d1963 | |
| 215 | @a283页@d20cm | |
| 606 | 0 | @a半导体物理学 |
| 690 | @aO472.3@v3 | |
| 701 | 0 | @aT.S.莫斯@AT.S.mo si@4著 |
| 702 | 0 | @a鲍友恭@Abao you gong@4译 |
| 702 | 0 | @a何宜生@Ahe yi sheng@4译 |
| 801 | 0 | @aCN@bPFT@c20070930 |
| 905 | @a10447@dO472.3@e18 | |
| 半导体光学性质/T.S.莫斯著/鲍友恭,何宜生等译.-上海:上海科学技术出版社,1963 |
| 283页;20cm |
| ISBN :CNY1.55 |
| ● |
| 相关链接 |
|
|
|
|
正题名:半导体光学性质
索取号:O472.3/18
 
预约/预借
| 序号 | 登录号 | 条形码 | 馆藏地/架位号 | 状态 | 备注 |
| 1 | 626258 | 206262587 | 密集书库/ [索取号:O472.3/18] | 在馆 |